000 00657nam a2200229 a 4500
005 20140310183423.0
008 070924s19uu xx 00 eng d
020 _a9780071259101
050 _aBF 176
_b.C63 2007
100 _aCohen, Ronald Jay
245 _aPsychological Testing and Assessment :
_ban introduction to tests and measurement. /
_cRonald Jay Cohen
250 _a6th ed.
260 _aU.S.A :
_bMcGraw-Hill, Inc,
_c2007.
300 _a728 p. :
_bill. ;
_c25 cm.
521 _aPSYCH
650 _aPsychological tests.
700 _aSwerdlik, Mark E.
942 _cBK
_2lcc
_kFOR
999 _c22611
_d22611